| 000 | 01529nam a2200265Ia 4500 | ||
|---|---|---|---|
| 999 |
_c46196 _d46196 |
||
| 001 | 13029 | ||
| 003 | GE_BSU | ||
| 005 | 20240716164246.0 | ||
| 008 | 181216s2007||||ge |||||||||||||| ||geo|| | ||
| 020 | _a978-9941-13-002-1 | ||
| 040 | _cGE_BSU | ||
| 041 | _ageo | ||
| 080 | _a398+821.353.1.09-91 კ-49 | ||
| 100 |
_aკიკნაძე, ზურაბ _922837 |
||
| 245 |
_aქართული ფოლკლორი = Georgian Folklore / _cზურაბ კიკნაძე ; რედაქტორი მერაბ ღაღანიძე ; ივანე ჯავახიშვილის სახელობის თბილისის სახელმწიფო უნივერსიტეტი. |
||
| 264 |
_aთბილისი : _bთბილისის უნ-ტის გამ-ბა, _c2008. |
||
| 300 |
_a351გვ. ; _c24 სმ. |
||
| 500 | _aნაწარმოებთა საძიებელი : გვ. 348-350 | ||
| 504 | _aბიბლიოგრ. : გვ. 341-342 | ||
| 653 | _aქართული ფოლკლორი | ||
| 653 | _aქართული ფოლკლორის ისტორია და კრიტიკა | ||
| 700 |
_aღაღანიძე, მერაბ _eრედაქტორი _912587 |
||
| 710 |
_aივანე ჯავახიშვილის სახელობის თბილისის სახელმწიფო უნივერსიტეტი _922838 |
||
| 942 |
_cBK _2udc |
||